000 00553nam a2200229Ia 4500
003 OSt
005 20220924132313.0
006 a|||||r|||| 00| 0
007 ta
008 220923b |||||||| |||| 00| 0 san d
024 _a40679
037 _cTextual
040 _aARTS
_cARTS
_bsan
041 _2san
_asan
082 _aO15,1K17,2, E0
100 _aHemacandra
245 0 _aRukminiharanam
260 _c1910
650 _aSANSKRIT LITERATURE
942 _hO15,1K17,2, E0
_cTEXL
_2CC
999 _c429926
_d429926